00474 2200193 4500001002100000005001700021008004100038035002400079090001600103245003500119260002700154300002400181650001400205700001200219850001500231980001300246985000600259999001500265YOGYA-0209000003428620090227024857.0 ind  0010-020900000034286 a630bArilT aPERTANIANcArisman ...[et.al.] aBandungbAngkasac1982 a99 hlmbilusc21 cm aPertanian aArisman aYOPDYOG(B) a19-10-06 a1 aP000023202